000 00773nam a22002177a 4500
003 BD-DhJNU
005 20250803065252.0
008 250803b |||||||| |||| 00| 0 eng d
020 _a0521355052
020 _a0521355060
040 _aBD-DhJNU
_bENG
_cBD-DhJNU
_dBD-DhJNU
082 _223
_a959 CAM
245 _aThe Cambridge history of Southeast Asia :
_cedited by Nicholas Tarling
_bvolume one, part one : From early times to c.1800 /
260 _aNew York :
_bCambridge University Press,
_c1992.
300 _axx, 358p. :
_bill. ;
_c24 cm.
490 _aThe Cambridge history of South Asia
_vVol. one
504 _aIncludes bibliographical references and index
650 _aSoutheast Asia
_xHistory
700 _aTarling, Nicholas
_eeditor
942 _2ddc
_cBK
_n0
999 _c1965
_d1965